| 000 | 00509nam a2200169Ia 4500 | ||
|---|---|---|---|
| 003 | GCL | ||
| 008 | 140319s9999 xx 000 0 ara d | ||
| 040 |
_aGCL / _cGCL |
||
| 082 | 0 | 4 |
_a330.12 _bى م |
| 100 | 1 | _aيونس احمد البطريق | |
| 245 | 1 | 0 |
_aالملامح الرئيسية فى اقتصاديات البلدان العربية / _cيونس احمد البطريق |
| 300 | _a312 ص | ||
| 490 | _a | ||
| 650 | 0 | 4 | _aالاقتصاد |
| 650 | 0 | 4 | _aالدول العربية |
| 942 |
_2ddc _cBK |
||
| 999 |
_c45876 _d45876 |
||